| 000 | 02850cam a2200349 i 4500 | ||
|---|---|---|---|
| 003 | EG-GICUC | ||
| 005 | 20260310091510.0 | ||
| 008 | 100526s2010 enk frb 001 0 eng d | ||
| 020 | _a9781841139128 | ||
| 040 |
_aUKM _cUKM _dBWKUK _dBWK _dYDXCP _dBWX _dCDX _dSTF _dDLC _dEG-GICUC _beng _erda |
||
| 050 | 0 | 0 |
_aKZ6010 _b.I576 2010 |
| 082 | 0 | 0 |
_a341 _221 |
| 092 | 0 | 4 | _221 |
| 099 | _aLaw 12 2010 | ||
| 245 | 0 | 0 |
_a International law and dispute settlement : _bnew problems and techniques / _cedited by Duncan French, Matthew Saul and Nigel D. White. |
| 264 |
_aOxford ; _aPortland, Or. : _bHart Pub., _c2010. |
||
| 300 |
_axxviii, 415 pages ; _c24 cm. |
||
| 336 |
_atext _2rdacontent |
||
| 337 |
_aComputer _2rdamedia |
||
| 338 |
_aOnline Resource _2rdacarrier |
||
| 490 | 1 |
_aStudies in international law ; _vv. 28 |
|
| 504 | _aIncludes bibliographical references (p. [389]-393) and index. | ||
| 505 | 0 | 0 | _aPrivate disputes and the public interest in international law / Vaughan Lowe -- The International Court of Justice and environmental disputes / Malgosia Fitzmaurice -- Complaint and grievance mechanisms in international dispute settlement / Duncan French and Richard Kirkham -- Stuck in the middle with you? Alternative approaches to realising accountability for human rights violations by business / Sorcha Macleod -- Practice and procedure of dispute settlement in individual communication cases within the Human Rights Committee and the Committee on the Elimination of Discrimination against Women : congruence or conflict? / Sandy Ghandhi -- Trends in dispute settlement in the law of the sea : towards the increasing availability of compulsory means / Robin Churchill -- The WTO dispute settlement mechanism as a new technique for settling disputes in international law / Surya P. Subedi -- Legal means of dispute settlement in the field of collective security : the quasi-judicial powers of the Security Council / Nigel D. White and Matthew Saul -- Non-compliance procedures and dispute resolution mechanisms under international environmental agreements / Karen N. Scott -- The Antarctic Treaty after 50 years / James Crawford -- Cross-border family mediation / Kisch Beevers -- Aspects of the African Court of Justice and human rights / Gino J. Naldi -- The EU, the ECHR and the effective protection of human rights for individuals / Tawhida Ahmed -- The European Court of Justice as a constitutional court : implications for the EU and international legal orders / Paul James Cardwell. |
| 650 | 0 | _aPacific settlement of international disputes. | |
| 700 | 1 | _aFrench, Duncan. | |
| 700 | 1 | _aSaul, Matthew. | |
| 700 | 1 |
_aWhite, Nigel D., _d1961- |
|
| 830 | 0 |
_aStudies in international law (Oxford, England) ; _vv. 28. |
|
| 856 | 4 | 0 | _uhttps://fll.law.cu.edu.eg/fulltext/bks/ENGB12-00080.pdf |
| 905 | _a10 | ||
| 942 |
_2ddc _cBK _e21 _n0 |
||
| 999 |
_c65943 _d65943 |
||